| 000 | 00509nam a2200193Ia 4500 | ||
|---|---|---|---|
| 003 | GCL | ||
| 008 | 140319s9999 xx 000 0 eng d | ||
| 040 |
_aGCL / _cGCL |
||
| 082 | 0 | 4 |
_a741.942 _bG H |
| 100 | 1 | _aGUSE,ERNST-GERHARD | |
| 245 | 1 | 0 |
_aHENRI MATISSE: DRAWINGS AND SCEPTURE / _cGUSE,ERNST-GERHARD |
| 260 |
_a[S.N] : _bPRESTEL- VERLAG ، _c1991 |
||
| 300 | _a223 | ||
| 650 | 0 | 4 | _aحسن فتحى |
| 650 | 0 | 4 | _aDRAWING |
| 650 | 0 | 4 | _aARTS |
| 650 | 0 | 4 | _aMATISSE, HENRI, 1869 - 1954 |
| 942 |
_2ddc _cBK |
||
| 999 |
_c18800 _d18800 |
||